| 000 | 01138nam a2200253Ia 4500 | ||
|---|---|---|---|
| 999 |
_c36167 _d36167 |
||
| 001 | 2069 | ||
| 003 | GE_BSU | ||
| 005 | 20190513152328.0 | ||
| 008 | 181216s2008||||ge |||||||||||||| ||geo|| | ||
| 010 | _a97899928637 | ||
| 040 | _cGE_BSU | ||
| 041 | _ageo | ||
| 080 | _a373.5.036+78(072)+78.01 ი–53 | ||
| 100 |
_aინაიშვილი, ლია _91066 |
||
| 245 |
_aსამუსიკო პედაგოგიკის აქტუალური საკითხები / _cლია ინაიშვილი ; რედ. ლია მენთეშაშვილი. |
||
| 264 |
_aთბილისი : _b"ცის ნამი" , _c2008. |
||
| 300 |
_a98 გვ. ; _b19 სმ. |
||
| 504 | _a ბიბლიოგრ.: გვ. 92-98. | ||
| 653 | _aმუსიკალური აღზრდა სკოლაში | ||
| 653 | _aმუსიკის სწავლების მეთოდიკა | ||
| 653 | _aსამუსიკო პედაგოგიკა | ||
| 700 |
_aმენთეშაშვილი, ლია _eრედაქტორი _91067 |
||
| 942 |
_cBK _2udc |
||